Quince Uñas y Casanova aventureros /

-д хадгалсан:
Номзүйн дэлгэрэнгүй
Үндсэн зохиолч: Zamora Plowes, Leopoldo (autor)
Бусад зохиолчид: Vázquez, Josefina Zoraida (prólogo) (prólogo)
Формат: Ном
Хэл сонгох:испани
Хэвлэсэн: México : Patria, 1984, c1984
Цуврал:(Clásicos Patria ; 2)
Нөхцлүүд:
Шошгууд: Шошго нэмэх
Шошго байхгүй, Энэхүү баримтыг шошголох эхний хүн болох!

MARC

LEADER 00000nam^a2200000^a^4500
001 000410986
005 20250521000000.0
009 20260310122101.148
020 |a 968-39-0027-5 
020 |a 968-39-0028-3 
020 |a 968-39-0026-7 
037 |a Acervo ITESO - Biblioteca 
041 |a ESP 
082 |a 863.  |b ZAM 
100 |a Zamora Plowes, Leopoldo  |e (autor) 
240 1 1 |a [Quince Uñas y Casanova aventureros] 
245 1 0 |a Quince Uñas y Casanova aventureros /  |c L. Zamora Plowes ; pról. de J.Z. Vázquez. 
264 4 |a México :  |b Patria,  |c 1984, c1984 
300 |a 2 v. (619, 643 p.) 
336 |a texto  |b txt  |2 rdacontenido 
337 |a sin mediación  |b n  |2 rdamedio 
338 |a volumen  |b nc  |2 rdasoporte 
440 1 |a (Clásicos Patria ;  |v 2) 
561 |a Ex libris de Juan Pablo Rosell y María Cristina Romo Gil 
649 |a XX 
650 |a Jefes de Estado en la Literatura 
650 |a Jefes de Estado Mexicanos -  |x Biografías 
650 |a Políticos en la Literatura 
650 |a Políticos Mexicanos -  |x Biografías 
650 |a Militares en la Literatura 
650 |a Militares Mexicanos -  |x Biografías 
650 |a Novela Histórica -  |z México 
650 |a Novela Mexicana 
650 |a Literatura e Historia -  |z México 
650 |a Literatura Picaresca -  |z México 
650 |a Literatura Costumbrista -  |z México 
650 |a Romanticismo (Literatura) -  |z México 
650 |a Literatura Mexicana -  |y Siglo XX 
650 |a México -  |x Historia -  |y Federalismo y Centralismo, 1846-1853 -  |x Tema Principal 
650 |a México -  |x Historia -  |y Siglo XIX 
650 |a Santa-Anna, Antonio López de -  |x Tema Principal 
700 |a Vázquez, Josefina Zoraida  |e (prólogo) 
910 |a Fondo General 
920 |a Impresos - Libros 
930 |a Colección General 
940 |a Literatura 
905 |a 101 
901 |a 0500319468  |b IT1  |c LIT  |i D106522  |u 20250521 
901 |a 0500319469  |b IT1  |c LIT  |i D106523  |u 20250521 
902 |a https://opac.biblio.iteso.mx/vufind/Record/000410986